Normal view
MARC view
Entry Personal Name
001 - CONTROL NUMBER
- control field: 1432
003 - CONTROL NUMBER IDENTIFIER
- control field: OSt
005 - DATE AND TIME OF LATEST TRANSACTION
- control field: 20110421113748.0
008 - FIXED-LENGTH DATA ELEMENTS
- fixed length control field: 110421|||a|||||| | ||| d
040 ## - CATALOGING SOURCE
- Original cataloging agency: OSt
- Transcribing agency: OSt
100 ## - HEADING--PERSONAL NAME
- Personal name: Russell-Clarke, A. D.
- Fuller form of name: (Alan Daubeny)
670 ## - SOURCE DATA FOUND
- Source citation: Work cat.: (OSt)0: Russell-Clarke, A. D. (Alan Daubeny), Russell-Clarke on copyright in industrial designs., 1974.
